000
00230nam a22000857a 4500
008
160701b xxu||||| |||| 00| 0 eng d
100
_9
1714
_a
Gupta,S
245
_a
Towards Moral Growth
260
_a
New delhi
_b
Asha Prakashan Greh
_c
2005
999
_c
1422
_d
1422